00684nam a2200181 a 450000500170000000800410001702000180005805000230007610000190009924501640011826000610028230000210034350000640036452100090042865000210043770000180045870000260047620140310183623.0120906s19uu xx 00 eng d a9781849801454 aHB 615b.D465 2010 aBill, Frederic a(De)mobilizing the entrepreneurship discourse :bexploring entrepreneurial thinking and action /cedited by Frederic Bill, BjOorn Bjerke, Anders W. Johannsson. aCheltenham, UK ; Northampton, MA :bEdward Elgar,c2010. a250 p. :c25 cm. aIncludes bibliographical references (p. 223-248) and index. aBSBA aEntrepreneurship aBjerke, Bjorn aJohannsson, Anders W.